00431nam a2200145Ia 4500003000900000008004100009020001800050040001600068080001500084100001800099245008500117260004300202300001600245650002400261IN-BaIIA211028s9999 xx 000 0 eng d a978-812241286 cIIA Library a539.2bPIL aPillai, S. O. 0aSolid state physicscS. O. Pillai  aNew DelhibNew Age Internationalc2008 axxii, 819p. aSolid state physics